Belgium at the Eurovision Song Contest - Statistics

General Stats
  • This quiz has been taken 108 times
    4 since last reset
  • The average score is 33 of 68
Answer Stats
Year Song Artist % Correct
2023 Because of you Gustaph
100%
2024 Before the party's over Mustii
100%
2025 Strobe lights Red Sebastian
100%
1986 J'aime la vie Sandra Kim
100%
2017 City lights Blanche
75%
2026 Dancing on the ice Essyla
75%
2022 Miss you Jérémie Makiese
75%
2006 Je t'adore Kate Ryan
75%
2016 What's the pressure Laura Tesoro
75%
2015 Rhythm inside Loïc Nottet
75%
1973 Baby baby Nicole & Hugo
75%
1980 Euro-vision Telex
75%
2010 Me and my guitar Tom Dice
75%
2003 Sanomi Urban Trad
75%
1975 Gelukkig zijn Ann Christy
50%
2014 Mother Axel Hirsoux
50%
1993 Iemand als jij Barbara Dex
50%
1957 Straatdeuntje Bobbejaan Schoepen
50%
1991 Geef het op Clouseau
50%
2009 Copycat Copycat
50%
2019 Wake up Eliot
50%
1981 Samson Emly Starr
50%
1956 Messieurs les noyés de la Seine Fud Leclerc
50%
1958 Ma petite chatte Fud Leclerc
50%
1960 Mon amour pour toi Fud Leclerc
50%
1962 Ton nom Fud Leclerc
50%
2021 The wrong place Hooverphonic
50%
1989 Door de wind Ingeborg
50%
2012 Would you Iris
50%
2008 O julissi Ishtar
50%
1963 Waarom? Jacques Raymond
50%
1987 Soldiers of love Liliane Saint-Pierre
50%
1971 Goeiemorgen morgen Lily Castel & Jacques Raymond
50%
1996 Liefde is een kaartspel Lisa del Bo
50%
1967 Ik heb zorgen Louis Neefs
50%
1969 Jennifer Jennings Louis Neefs
50%
1998 Dis oui Mélanie Cohl
50%
1979 Hey nana Micha Marah
50%
2005 Le grand soir Nuno Resende
50%
1983 Rendez-vous Pas de Deux
50%
2013 Love kills Roberto Bellarosa
50%
2018 A matter of time Sennek
50%
2002 Sister Sergio & The Ladies
50%
1999 Like the wind Vanessa Chinitor
50%
2011 With love baby Witloof Bay
50%
2004 1 life Xandee
50%
1959 Hou toch van mij Bob Benny
25%
1961 September gouden roos Bob Benny
25%
1968 Quand tu reviendras Claude Lombard
25%
1977 A million in one, two, three Dream Express
25%
1995 La voix est libre Frédéric Etherlinck
25%
1974 Fleur de liberté Jacques Hustin
25%
1984 Avanti la vie Jacques Zegers
25%
1970 Viens l'oublier Jean Vallée
25%
1978 L'amour ça fait chanter la vie Jean Vallée
25%
1985 Laat me nu gaan Linda Lepomme
25%
1965 Als het weer lente is Lize Marke
25%
1956 Le plus beau jour de ma vie Mony Marc
25%
1992 Nous on veut des violons Morgane
25%
2000 Envie de vivre Nathalie Sorce
25%
1990 Macédomienne Philippe Lafontaine
25%
1976 Judy et cie Pierre Rapsat
25%
1988 Laissez briller le soleil Reynaert
25%
1964 Près de ma rivière Robert Cogoi
25%
1972 A la folie ou pas du tout Serge & Christine Ghisoland
25%
1982 Si tu aimes ma musique Stella
25%
2007 Love power The KMG's
25%
1966 Un peu de poivre, un peu de sel Tonia
25%
No matching quizzes found
Score Distribution
Percent of People with Each Score
Percentile by Number Answered
Your Score History
You have not taken this quiz since the last reset